| 000 | 00492nam a22001817a 4500 | ||
|---|---|---|---|
| 003 | CEME | ||
| 005 | 20210628204613.0 | ||
| 008 | 210219b xxu||||| |||| 00| 0 eng d | ||
| 020 | _a0-8306-4142-9 | ||
| 040 | _c. | ||
| 082 | _a621.433 DEM'S | ||
| 100 |
_aDempsey, Paul _971177 |
||
| 245 | _aSmall gas engine repair | ||
| 260 |
_aSUMMIT _bTAB _c1993 |
||
| 300 | _a230P | ||
| 650 |
_aINTERNAL COMBUSTION ENGINES SPARK IGNITION MAINTENANCE AND REPAIR ACC NO-30116 _971178 |
||
| 942 |
_cBK _2ddc |
||
| 999 |
_c577842 _d577842 |
||